Statistics for NBA Year in Review: 2009–10

Click here to take the quiz!

General Stats

  • This quiz has been taken 31 times
  • The average score is 9 of 14

Answer Stats

HintAnswer% Correct
Finals MVPKobe Bryant
100%
Most Valuable PlayerLeBron James
96%
Triple-Doubles LeaderLeBron James
96%
Assists Per Game LeaderSteve Nash
78%
All-Star Game MVPDwyane Wade
74%
Defensive Player of the YearDwight Howard
70%
Rebounds Per Game LeaderDwight Howard
70%
Blocks Per Game LeaderDwight Howard
70%
Points Per Game LeaderKevin Durant
67%
Steals Per Game LeaderRajon Rondo
37%
Rookie of the YearTyreke Evans
37%
Sixth Man of the YearJamal Crawford
22%
Most Improved PlayerAaron Brooks
19%
Coach of the YearScott Brooks
19%

Score Distribution

Percentile by Number Answered

Percent of People with Each Score

Your Score History

You have not taken this quiz